| 000 | 02065cam a2200397Mi 4500 | ||
|---|---|---|---|
| 001 | ocn951468893 | ||
| 003 | OCoLC | ||
| 005 | 20240917123605.0 | ||
| 008 | 160609t20162016fr f b 001 0 fre d | ||
| 016 | 7 |
_aFRBNF450497400000002 _2FrPBN |
|
| 020 |
_a9782233007957 _q(rel) |
||
| 020 |
_a2233007956 _q(rel) |
||
| 024 | 3 | 0 | _a9782233007957 |
| 029 | 0 |
_aZWZ _b193699516 |
|
| 029 | 1 |
_aBDF _bFRBNF450497400000002 |
|
| 035 | _a(OCoLC)951468893 | ||
| 040 |
_aZWZ _bfre _encafnor _cZWZ _dLVB _dOTZ _dBDF _dMUQ _dOCLCO _dOCLCF _dOCLCQ _dOCLCO |
||
| 041 | _aFre | ||
| 049 | _aTZAA | ||
| 050 | 1 | 4 |
_aK3240 _b.H51 |
| 082 | 0 | 4 |
_a341.48 _222 |
| 100 | 1 |
_aHennebel, Ludovic; Hélène Tigroudja _4aut |
|
| 245 | 1 | 0 |
_aTraité de Droit international des droits de l'homme / _cLudovic Hennebel ; Hélène Tigroudja. |
| 260 |
_aParis : _bEditions Pedone, _c2016 _e(14-Condée sur Noireau : _fImpr. Corlet imprimeur) |
||
| 300 |
_a1 vol. (1708 p.) ; _c24 cm |
||
| 500 | _aLa 4éme de couv. indique : "Le droit international des droits de l'homme est devenu, en quelques décennies, un domaine incontournable du droit international public, voire un modéle de référence de la pensée juridique internationaliste. Le saisir dans sa globalité, dans ses nuances et insuffisances ainsi que dans sa pluralité, tel est l'objet du présent ouvrage. Ce dernier retient une méthode globale comparant les divers systèmes de protection, universel et régionaux, et nourrie par l'analyse systématique des textes et des jurisprudences." | ||
| 504 | _aBibliogr. p. [1465]-1499. Table de jurisprudence p. [1501]-1648. Notes bibliogr. Index. | ||
| 650 | 0 | _aHuman rights. | |
| 650 | 6 | _aDroits de l'homme (Droit international) | |
| 650 | 7 |
_aHuman rights. _2fast |
|
| 650 | 7 |
_aDroits de l'homme (droit international) _xManuels d'enseignement. _2ram |
|
| 700 | 1 |
_aTigroudja, Hélène, _d(1975- ...). _4aut |
|
| 856 | 4 | 2 |
_3Notice et cote du catalogue de la Bibliothéque nationale de France _uhttp://catalogue.bnf.fr/ark:/12148/cb45049740b |
| 886 | 2 |
_2unimarc _a181 _ai# _bxxxe## |
|
| 942 |
_2lcc _cBOOK |
||
| 999 |
_c3528 _d3528 |
||